000 00698nam a2200265 i 4500
001 C2-0217813
003 PPAK
005 20180728110312.0
008 990712s1989 my a|||| ||||| | may d
020 _a9836206922
040 _aPPAK
_beng
_cPPAK
_erda
082 0 4 _a551
_2 23
090 0 0 _a551
_bGIL
_dKIH
100 1 _aGilluly, James,
_eauthor
245 1 0 _aPrinsip-prinsip geologi
264 1 _aKuala Lumpur :
_bDewan Bahasa dan Pustaka ,
_c1989
300 _a311 pages :
_billustrations ;
_c24 cm
336 _2rdacontent
_atext
337 _2rdamedia
_aunmediated
338 _2rdacarrier
_avolume
500 _aJilid 1
650 1 0 _aGeology
700 _eauthor
942 _ddc
_cB
999 _c160917
_d160917